000 00279nam a22001217a 4500
008 260317b ||||| |||| 00| 0 eng d
041 _aShqip
080 _a22.1
100 _a33
101 _aFetare
245 _aE Drejta Trashigimore Islame
_cAhmedin Ejupi
942 _2udc
_cBK
999 _c60905
_d60905